000 00707nam a22001337a 4500
008 110608t xxu||||| |||| 00| 0 eng d
010 _aSCCAF23
245 _aSupreme Court Criminal Appeal No. 22 OF 1999 Foro Yahaya Vs Uganda
260 _c1999
500 _aCoram: Oder, Tsekooko, Karokora, Kanyeihamba, Kikonyogo, JJSC
500 _aAppeal from the decision of the Court of Appeal at Kampala before Justices Manyindo, DCJ., Engwau, Twinomujuni, JJA dated 12th May, 1999 in Criminal Appeal No. 24 of 1998
999 _c2505
_d2505